[Event "La Pobla de Lillet op"]
[Site "La Pobla de Lillet ESP"]
[Date "2011.08.02"]
[Round "1.2"]
[White "Korneev, O.."]
[Black "Peñaranda Grilo, JC.."]
[Result "1-0"]
[WhiteElo "2588"]
[BlackElo "1874"]
[PlyCount "61"]
[EventDate "2011.08.02"]
[EventType "swiss"]
[EventRounds "9"]
[EventCountry "ESP"]
[SourceTitle "Ajedrez en Madrid"]
[Source "lmi"]
[SourceDate "2020.06.24"]
[SourceVersion "1"]
[SourceVersionDate "2020.06.25"]
[SourceQuality "1"]

1. e4 c6 2. c4 d5 3. exd5 cxd5 4. cxd5 Nf6 5. Nc3 Nxd5 6. Nf3 Nc6 7. d4 e6 8.
Bc4 Nb6 9. Bb3 Bb4 10. O-O Bxc3 11. bxc3 O-O 12. Qd3 Nd5 13. Bc2 g6 14. h4 e5
15. dxe5 Bf5 16. Qe2 Bxc2 17. Qxc2 Qc7 18. Ba3 Rfe8 19. Bd6 Qa5 20. c4 Nde7 21.
c5 Nf5 22. Rab1 Qa6 23. Rfe1 Nxd6 24. cxd6 Rad8 25. Qb3 b6 26. e6 fxe6 27. Rxe6
Rxe6 28. Qxe6+ Kg7 29. Ne5 Nxe5 30. Qxe5+ Kg8 31. Qe6+ 1-0

[Event "La Pobla de Lillet op"]
[Site "La Pobla de Lillet ESP"]
[Date "2011.08.02"]
[Round "1.3"]
[White "Sanchez Cobo, J.."]
[Black "Ipatov, A.."]
[Result "0-1"]
[WhiteElo "1872"]
[BlackElo "2562"]
[PlyCount "60"]
[EventDate "2011.08.02"]
[EventType "swiss"]
[EventRounds "9"]
[EventCountry "ESP"]
[SourceTitle "Ajedrez en Madrid"]
[Source "lmi"]
[SourceDate "2020.06.24"]
[SourceVersion "1"]
[SourceVersionDate "2020.06.25"]
[SourceQuality "1"]

1. e4 g6 2. f4 Bg7 3. d4 c6 4. Nf3 d5 5. e5 Nh6 6. Bd3 Bf5 7. O-O O-O 8. c3 Qc8
9. Na3 Bxd3 10. Qxd3 Na6 11. Nc2 Nc7 12. Bd2 Ne6 13. h3 f5 14. exf6 exf6 15.
Rae1 Nf5 16. Nh2 Nd6 17. Ng4 Qd7 18. Bc1 f5 19. Ne5 Bxe5 20. fxe5 Ne4 21. Bh6
Rf7 22. g4 fxg4 23. Rxf7 Qxf7 24. Rf1 Qe7 25. Kh2 Qh4 26. Bc1 Rf8 27. Rxf8+
Kxf8 28. Qe3 g5 29. Bd2 Nf4 30. Be1 g3+ 0-1

[Event "La Pobla de Lillet op"]
[Site "La Pobla de Lillet ESP"]
[Date "2011.08.02"]
[Round "1.4"]
[White "Alvarez Pedraza, A.."]
[Black "De Armentia Roldan, B.."]
[Result "1-0"]
[WhiteElo "2551"]
[BlackElo "1866"]
[PlyCount "55"]
[EventDate "2011.08.02"]
[EventType "swiss"]
[EventRounds "9"]
[EventCountry "ESP"]
[SourceTitle "Ajedrez en Madrid"]
[Source "lmi"]
[SourceDate "2020.06.24"]
[SourceVersion "1"]
[SourceVersionDate "2020.06.25"]
[SourceQuality "1"]

1. g3 g6 2. Bg2 Bg7 3. d4 c5 4. dxc5 Qa5+ 5. c3 Qxc5 6. Be3 Qc7 7. Na3 Bxc3+ 8.
Kf1 Bxb2 9. Nb5 Qd8 10. Rb1 Bg7 11. Nxa7 d5 12. Nxc8 Qxc8 13. Qxd5 Nf6 14. Qb3
Nc6 15. Qxb7 Qxb7 16. Rxb7 Ra6 17. Bb6 Na5 18. Bxa5 Rxa5 19. Bc6+ Kd8 20. Nf3
Rc5 21. Ba4 Ne4 22. Rd7+ Kc8 23. Rxe7 Nd6 24. Kg2 Rd8 25. Ra7 Nb5 26. Bxb5 Rxb5
27. Rc1+ Kb8 28. Rcc7 1-0

[Event "La Pobla de Lillet op"]
[Site "La Pobla de Lillet ESP"]
[Date "2011.08.02"]
[Round "1.5"]
[White "Marca Esturnell, JM.."]
[Black "Movsziszian, K.."]
[Result "0-1"]
[WhiteElo "1861"]
[BlackElo "2493"]
[PlyCount "64"]
[EventDate "2011.08.02"]
[EventType "swiss"]
[EventRounds "9"]
[EventCountry "ESP"]
[SourceTitle "Ajedrez en Madrid"]
[Source "lmi"]
[SourceDate "2020.06.24"]
[SourceVersion "1"]
[SourceVersionDate "2020.06.25"]
[SourceQuality "1"]

1. d4 Nf6 2. Bf4 d6 3. e3 g6 4. h3 Bg7 5. c3 O-O 6. Nf3 Nfd7 7. e4 e5 8. dxe5
dxe5 9. Be3 Qe7 10. Bc4 Nb6 11. Bb3 N8d7 12. Nbd2 Nc5 13. Bxc5 Qxc5 14. Qe2 Qe7
15. Nc4 Nd7 16. Ne3 c6 17. Rd1 Nc5 18. Bc2 Ne6 19. Qd2 Rd8 20. Qc1 Rxd1+ 21.
Qxd1 Nf4 22. Bb3 h5 23. g4 b6 24. Kf1 Ba6+ 25. c4 Rd8 26. Qb1 Qc5 27. Kg1 Bc8
28. Kh2 Nxh3 29. Kxh3 hxg4+ 30. Nxg4 Qxf2 31. Rf1 Bxg4+ 32. Kxg4 Qg2+ 0-1

[Event "La Pobla de Lillet op"]
[Site "La Pobla de Lillet ESP"]
[Date "2011.08.02"]
[Round "1.6"]
[White "Oms Pallisse, J.."]
[Black "Iglesias Fernandez, L.."]
[Result "1-0"]
[WhiteElo "2489"]
[BlackElo "1843"]
[PlyCount "67"]
[EventDate "2011.08.02"]
[EventType "swiss"]
[EventRounds "9"]
[EventCountry "ESP"]
[SourceTitle "Ajedrez en Madrid"]
[Source "lmi"]
[SourceDate "2020.06.24"]
[SourceVersion "1"]
[SourceVersionDate "2020.06.25"]
[SourceQuality "1"]

1. d4 e6 2. c4 Nf6 3. Nc3 d5 4. Nf3 Bb4 5. Bg5 Bxc3+ 6. bxc3 h6 7. Bxf6 Qxf6 8.
e3 Nd7 9. cxd5 exd5 10. Qb3 c6 11. Bd3 O-O 12. O-O Nb6 13. a4 Rb8 14. a5 Na8
15. Ne5 Bf5 16. Bxf5 Qxf5 17. a6 f6 18. e4 Qe6 19. exd5 cxd5 20. Ng6 Rf7 21.
Nf4 Qd6 22. Nxd5 bxa6 23. Ne7+ Kf8 24. Ng6+ Kg8 25. Qa2 Nc7 26. Nh8 Kxh8 27.
Qxf7 Nd5 28. Rfe1 Nxc3 29. Re7 Rg8 30. Rae1 Qxd4 31. Qg6 Nd1 32. Re8 Qxf2+ 33.
Kh1 Ne3 34. R8xe3 1-0

[Event "La Pobla de Lillet op"]
[Site "La Pobla de Lillet ESP"]
[Date "2011.08.02"]
[Round "1.7"]
[White "Diaz-Flores Sanchez, P.."]
[Black "Velicka, P.."]
[Result "0-1"]
[WhiteElo "1832"]
[BlackElo "2461"]
[PlyCount "126"]
[EventDate "2011.08.02"]
[EventType "swiss"]
[EventRounds "9"]
[EventCountry "ESP"]
[SourceTitle "Ajedrez en Madrid"]
[Source "lmi"]
[SourceDate "2020.06.24"]
[SourceVersion "1"]
[SourceVersionDate "2020.06.25"]
[SourceQuality "1"]

1. e4 c6 2. Nc3 d5 3. d4 dxe4 4. Nxe4 Bf5 5. Ng3 Bg6 6. h4 h6 7. h5 Bh7 8. Nf3
Nf6 9. Bd3 Bxd3 10. Qxd3 e6 11. Bf4 Bd6 12. Bxd6 Qxd6 13. O-O-O Nbd7 14. Rh4
O-O-O 15. Ne4 Nxe4 16. Qxe4 Rhg8 17. Qf4 Qe7 18. Rh3 Qf6 19. g3 Rge8 20. Qxf6
gxf6 21. Rhh1 Rg8 22. Rhg1 f5 23. c3 Rg7 24. Rh1 Rg4 25. Rd3 Rdg8 26. Rh3 R8g7
27. Nh2 Re4 28. Kd2 Nb6 29. b3 f4 30. f3 fxg3 31. fxe4 g2 32. Rdg3 g1=Q 33.
Rxg1 Rxg1 34. Kd3 Rg2 35. a3 Kd8 36. Rh4 Rg3+ 37. Kc2 f5 38. Nf1 Rf3 39. Nd2
Rf2 40. c4 Nd7 41. Kd3 Nf6 42. Ke3 Rg2 43. exf5 exf5 44. Nf3 Rb2 45. Nd2 Ng4+
46. Kd3 Ke7 47. Kc3 Ra2 48. a4 Ra1 49. d5 cxd5 50. cxd5 Kd6 51. Rh3 Kxd5 52.
Nc4 Rc1+ 53. Kd2 Rf1 54. Rd3+ Ke4 55. Nd6+ Ke5 56. Nxb7 f4 57. Nc5 f3 58. Rd8
Rf2+ 59. Kc1 Rh2 60. Rd1 Ne3 61. Nd3+ Kd4 62. Rd2 Rh1+ 63. Kb2 Rd1 0-1

[Event "La Pobla de Lillet op"]
[Site "La Pobla de Lillet ESP"]
[Date "2011.08.02"]
[Round "1.8"]
[White "Panelo Muñoz, MA.."]
[Black "Ayza Casamitjana, A.."]
[Result "1-0"]
[WhiteElo "2413"]
[BlackElo "1829"]
[PlyCount "55"]
[EventDate "2011.08.02"]
[EventType "swiss"]
[EventRounds "9"]
[EventCountry "ESP"]
[SourceTitle "Ajedrez en Madrid"]
[Source "lmi"]
[SourceDate "2020.06.24"]
[SourceVersion "1"]
[SourceVersionDate "2020.06.25"]
[SourceQuality "1"]

1. d4 Nf6 2. Nf3 g6 3. c4 c5 4. d5 b5 5. cxb5 a6 6. bxa6 Bxa6 7. Nc3 Bg7 8. e4
Bxf1 9. Kxf1 d6 10. g3 O-O 11. Kg2 Nbd7 12. Re1 Ng4 13. Qe2 Qa5 14. Nd2 Ngf6
15. Nc4 Qa6 16. e5 dxe5 17. Nxe5 Nb6 18. Qf3 Qb7 19. Nc6 Rfe8 20. Bg5 h6 21.
Nxe7+ Rxe7 22. Bxf6 Rxe1 23. Rxe1 Qd7 24. Re7 Qd6 25. Rxf7 Kxf7 26. Be5+ Qf6
27. Bxf6 Bxf6 28. Ne4 1-0

[Event "La Pobla de Lillet op"]
[Site "La Pobla de Lillet ESP"]
[Date "2011.08.02"]
[Round "1.9"]
[White "Escofet Llongueras, J.."]
[Black "Gorbatov, A.."]
[Result "0-1"]
[WhiteElo "1825"]
[BlackElo "2375"]
[PlyCount "50"]
[EventDate "2011.08.02"]
[EventType "swiss"]
[EventRounds "9"]
[EventCountry "ESP"]
[SourceTitle "Ajedrez en Madrid"]
[Source "lmi"]
[SourceDate "2020.06.24"]
[SourceVersion "1"]
[SourceVersionDate "2020.06.25"]
[SourceQuality "1"]

1. c4 e6 2. Nc3 d5 3. d4 a6 4. cxd5 exd5 5. g3 Nf6 6. Bg2 Be7 7. Nf3 O-O 8. O-O
c6 9. Bg5 Nbd7 10. e3 h6 11. Bxf6 Nxf6 12. Qc2 Be6 13. Ne5 Ng4 14. Nxg4 Bxg4
15. Ne2 Qd7 16. Nf4 Bf5 17. Nd3 Rfd8 18. Rac1 Rac8 19. Qb3 Rc7 20. Rc3 Bd6 21.
Rfc1 Qe7 22. Nc5 Re8 23. Qd1 Qg5 24. a3 Bg4 25. Bf3 h5 0-1

[Event "La Pobla de Lillet op"]
[Site "La Pobla de Lillet ESP"]
[Date "2011.08.02"]
[Round "1.10"]
[White "Simon Padros, E.."]
[Black "Gimenez Jimenez, J.."]
[Result "1/2-1/2"]
[WhiteElo "2279"]
[BlackElo "1815"]
[PlyCount "107"]
[EventDate "2011.08.02"]
[EventType "swiss"]
[EventRounds "9"]
[EventCountry "ESP"]
[SourceTitle "Ajedrez en Madrid"]
[Source "lmi"]
[SourceDate "2020.06.24"]
[SourceVersion "1"]
[SourceVersionDate "2020.06.25"]
[SourceQuality "1"]

1. e4 e5 2. Nf3 Nc6 3. Bb5 d6 4. c3 Bd7 5. O-O a6 6. Ba4 Nf6 7. Re1 Be7 8. d4
b5 9. Bb3 O-O 10. h3 h6 11. Nbd2 Nh7 12. Bd5 Bf6 13. dxe5 dxe5 14. Nb3 Qe8 15.
Nc5 Be6 16. Bxe6 fxe6 17. Qb3 Nd8 18. Be3 Kh8 19. a4 Qc6 20. axb5 axb5 21. Rxa8
Qxa8 22. Qxb5 c6 23. Qc4 Re8 24. Nd7 Nf7 25. Qc5 Be7 26. Qc4 Bf6 27. Nxf6 Nxf6
28. Rd1 Qb7 29. Nd2 Qb5 30. Qxb5 cxb5 31. Ra1 Nd6 32. f3 Nh5 33. Ra6 Rd8 34.
Kf2 Nf4 35. Bxf4 exf4 36. Ke2 e5 37. b3 Kg8 38. Kd1 Kf7 39. Kc2 Ke7 40. Ra7+
Kf6 41. c4 b4 42. Ra5 Rc8 43. Kd3 Nb7 44. Rb5 Nc5+ 45. Kc2 Kg5 46. Rxb4 Kh4 47.
Rb6 Rd8 48. Rg6 h5 49. b4 Nd3 50. b5 Nb4+ 51. Kb3 Rxd2 52. Kxb4 Rb2+ 53. Kc5
Rxb5+ 54. cxb5 1/2-1/2

[Event "La Pobla de Lillet op"]
[Site "La Pobla de Lillet ESP"]
[Date "2011.08.02"]
[Round "1.11"]
[White "Casamitjana Nuñez, A.."]
[Black "Capellades Subirana, M.."]
[Result "0-1"]
[WhiteElo "1804"]
[BlackElo "2260"]
[PlyCount "32"]
[EventDate "2011.08.02"]
[EventType "swiss"]
[EventRounds "9"]
[EventCountry "ESP"]
[SourceTitle "Ajedrez en Madrid"]
[Source "lmi"]
[SourceDate "2020.06.24"]
[SourceVersion "1"]
[SourceVersionDate "2020.06.25"]
[SourceQuality "1"]

1. e4 e5 2. Nf3 Nc6 3. Bc4 Bc5 4. b4 Bxb4 5. c3 Bd6 6. d4 Qf6 7. Bg5 Qg6 8. O-O
Nf6 9. Qc1 Nxe4 10. dxe5 Nxg5 11. Nxg5 Nxe5 12. Bb3 O-O 13. Qe3 Ng4 14. Nxf7
Nxe3 15. Ne5+ Qe6 16. Bxe6+ dxe6 0-1

[Event "La Pobla de Lillet op"]
[Site "La Pobla de Lillet ESP"]
[Date "2011.08.02"]
[Round "1.19"]
[White "Muñoz Vila, X.."]
[Black "Travesset Barba, J.."]
[Result "1/2-1/2"]
[WhiteElo "1739"]
[BlackElo "2094"]
[PlyCount "69"]
[EventDate "2011.08.02"]
[EventType "swiss"]
[EventRounds "9"]
[EventCountry "ESP"]
[SourceTitle "Ajedrez en Madrid"]
[Source "lmi"]
[SourceDate "2020.06.24"]
[SourceVersion "1"]
[SourceVersionDate "2020.06.25"]
[SourceQuality "1"]

1. d4 Nf6 2. c4 d6 3. Nc3 e5 4. dxe5 dxe5 5. Qxd8+ Kxd8 6. Nf3 Nfd7 7. Ng5 Ke8
8. b3 h6 9. Nf3 c6 10. Bb2 f6 11. e3 Kf7 12. Be2 Na6 13. Rd1 Ndc5 14. O-O Be7
15. Nd2 Rd8 16. Nde4 Bf5 17. Nxc5 Bxc5 18. a3 Bc2 19. Rxd8 Rxd8 20. b4 Be7 21.
Rc1 Bd3 22. Kf1 Nc7 23. Bxd3 Rxd3 24. Ke2 Rd8 25. f3 Ne6 26. Rd1 h5 27. Rxd8
Nxd8 28. h3 Ke6 29. g4 g6 30. e4 Nf7 31. Bc1 Nd6 32. Kd3 hxg4 33. hxg4 Nf7 34.
Ke2 Bf8 35. Kd3 1/2-1/2

[Event "La Pobla de Lillet op"]
[Site "La Pobla de Lillet ESP"]
[Date "2011.08.02"]
[Round "1.25"]
[White "Meyer, K.."]
[Black "Garcia Galeote, L.."]
[Result "0-1"]
[WhiteElo "1710"]
[BlackElo "2059"]
[PlyCount "74"]
[EventDate "2011.08.02"]
[EventType "swiss"]
[EventRounds "9"]
[EventCountry "ESP"]
[SourceTitle "Ajedrez en Madrid"]
[Source "lmi"]
[SourceDate "2020.06.24"]
[SourceVersion "1"]
[SourceVersionDate "2020.06.25"]
[SourceQuality "1"]

1. e4 g6 2. d4 Bg7 3. Bc4 d6 4. Qf3 e6 5. Ne2 Nd7 6. Bf4 Ne7 7. Nd2 a6 8. h4 h6
9. Qe3 b5 10. Bb3 Bb7 11. c3 e5 12. dxe5 dxe5 13. Bg3 O-O 14. Nf3 Nc8 15. Rd1
Qe7 16. O-O Nd6 17. Bd5 Bxd5 18. Rxd5 c6 19. Rdd1 Nc4 20. Qc1 Nc5 21. Qc2 Nd6
22. Nd2 Rad8 23. f3 Rd7 24. Nb3 Nxb3 25. Qxb3 Rfd8 26. Bf2 Nc4 27. Rxd7 Qxd7
28. Rc1 Qd2 29. Qc2 Nxb2 30. Bb6 Qxc2 31. Rxc2 Rd1+ 32. Kf2 Nc4 33. Ba7 h5 34.
Bc5 Bh6 35. Ba7 Bd2 36. g3 Kf8 37. Bc5+ Ke8 0-1

[Event "La Pobla de Lillet op"]
[Site "La Pobla de Lillet ESP"]
[Date "2011.08.03"]
[Round "2.1"]
[White "Peralta, F.."]
[Black "Moya Arau, C.."]
[Result "1-0"]
[WhiteElo "2601"]
[BlackElo "2053"]
[PlyCount "53"]
[EventDate "2011.08.02"]
[EventType "swiss"]
[EventRounds "9"]
[EventCountry "ESP"]
[SourceTitle "Ajedrez en Madrid"]
[Source "lmi"]
[SourceDate "2020.06.24"]
[SourceVersion "1"]
[SourceVersionDate "2020.06.25"]
[SourceQuality "1"]

1. d4 Nf6 2. c4 e6 3. Nc3 Bb4 4. e3 O-O 5. Bd3 c5 6. Nf3 d5 7. O-O dxc4 8. Bxc4
cxd4 9. exd4 Nbd7 10. Bd3 h6 11. a3 Be7 12. Bc2 Re8 13. Qd3 Nf8 14. Ne5 Nd5 15.
Ba4 Bd7 16. Nxd7 Nxd7 17. Nxd5 exd5 18. Qh3 Nf6 19. Bxe8 Nxe8 20. Bf4 Bd6 21.
Be5 Nc7 22. Qb3 Bxe5 23. dxe5 b6 24. f4 f6 25. Rac1 Kh8 26. exf6 gxf6 27. Qh3
1-0

[Event "La Pobla de Lillet op"]
[Site "La Pobla de Lillet ESP"]
[Date "2011.08.03"]
[Round "2.2"]
[White "Basas Gamazo, J.."]
[Black "Korneev, O.."]
[Result "0-1"]
[WhiteElo "2051"]
[BlackElo "2588"]
[PlyCount "51"]
[EventDate "2011.08.02"]
[EventType "swiss"]
[EventRounds "9"]
[EventCountry "ESP"]
[SourceTitle "Ajedrez en Madrid"]
[Source "lmi"]
[SourceDate "2020.06.24"]
[SourceVersion "1"]
[SourceVersionDate "2020.06.25"]
[SourceQuality "1"]

1. e4 c5 2. Nf3 e6 3. d4 cxd4 4. Nxd4 Nc6 5. Nc3 Qc7 6. Be3 a6 7. Bd3 Nf6 8.
O-O Ne5 9. h3 Bc5 10. Qe2 d6 11. f4 Ng6 12. Rae1 O-O 13. Nb3 Bxe3+ 14. Qxe3 b5
15. a3 Bb7 16. Nd2 Rac8 17. Nf3 Qc5 18. e5 dxe5 19. Nxe5 Nxe5 20. fxe5 Nd7 21.
Rf2 Qxe3 22. Rxe3 Rc5 23. Rfe2 Rb8 24. Kf2 Kf8 25. Nb1 Ke7 26. Nd2 0-1

[Event "La Pobla de Lillet op"]
[Site "La Pobla de Lillet ESP"]
[Date "2011.08.03"]
[Round "2.3"]
[White "Ipatov, A.."]
[Black "Viñals Rioja, J.."]
[Result "1-0"]
[WhiteElo "2562"]
[BlackElo "2040"]
[PlyCount "61"]
[EventDate "2011.08.02"]
[EventType "swiss"]
[EventRounds "9"]
[EventCountry "ESP"]
[SourceTitle "Ajedrez en Madrid"]
[Source "lmi"]
[SourceDate "2020.06.24"]
[SourceVersion "1"]
[SourceVersionDate "2020.06.25"]
[SourceQuality "1"]

1. d4 d5 2. c4 c6 3. Nf3 Nf6 4. Nbd2 g6 5. g3 Bg7 6. Bg2 O-O 7. O-O h6 8. b3
Ne4 9. Bb2 Nxd2 10. Qxd2 Be6 11. Rac1 Nd7 12. Rfd1 Kh7 13. Ne1 Nf6 14. Nd3 Bf5
15. cxd5 Bxd3 16. Qxd3 Nxd5 17. e4 Nb6 18. h4 h5 19. Ba3 Re8 20. d5 cxd5 21.
exd5 Qd7 22. Kh2 Rac8 23. Bh3 f5 24. Bg2 Rxc1 25. Bxc1 Bf6 26. Re1 Rd8 27. Qe3
Kg7 28. Qh6+ Kf7 29. Qh7+ Bg7 30. Bh6 Rg8 31. Re6 1-0

[Event "La Pobla de Lillet op"]
[Site "La Pobla de Lillet ESP"]
[Date "2011.08.03"]
[Round "2.4"]
[White "Gaona Gonzalez, G.."]
[Black "Alvarez Pedraza, A.."]
[Result "0-1"]
[WhiteElo "2036"]
[BlackElo "2551"]
[PlyCount "48"]
[EventDate "2011.08.02"]
[EventType "swiss"]
[EventRounds "9"]
[EventCountry "ESP"]
[SourceTitle "Ajedrez en Madrid"]
[Source "lmi"]
[SourceDate "2020.06.24"]
[SourceVersion "1"]
[SourceVersionDate "2020.06.25"]
[SourceQuality "1"]

1. Nf3 Nf6 2. d3 e6 3. e4 d5 4. Nbd2 b6 5. g3 Bb7 6. e5 Nfd7 7. d4 c5 8. c3 Nc6
9. Bg2 cxd4 10. cxd4 Ba6 11. Bf1 Bxf1 12. Nxf1 f6 13. exf6 Qxf6 14. Bg5 Bb4+
15. Ke2 Qf7 16. Be3 O-O 17. N1d2 Bxd2 18. Nxd2 e5 19. Nb3 Rae8 20. Kf1 exd4 21.
Bxd4 Nde5 22. f4 Ng6 23. Qf3 Re4 24. Be3 Nce5 0-1

[Event "La Pobla de Lillet op"]
[Site "La Pobla de Lillet ESP"]
[Date "2011.08.03"]
[Round "2.5"]
[White "Movsziszian, K.."]
[Black "Garcia Castellote, D.."]
[Result "1-0"]
[WhiteElo "2493"]
[BlackElo "2004"]
[PlyCount "59"]
[EventDate "2011.08.02"]
[EventType "swiss"]
[EventRounds "9"]
[EventCountry "ESP"]
[SourceTitle "Ajedrez en Madrid"]
[Source "lmi"]
[SourceDate "2020.06.24"]
[SourceVersion "1"]
[SourceVersionDate "2020.06.25"]
[SourceQuality "1"]

1. g3 g6 2. Bg2 Bg7 3. e4 c5 4. d3 Nc6 5. f4 e6 6. Nf3 Nge7 7. O-O O-O 8. c3 b6
9. Re1 d5 10. e5 Ba6 11. Na3 b5 12. Nc2 b4 13. cxb4 Nxb4 14. Nxb4 cxb4 15. Be3
Qd7 16. Qd2 Bb5 17. Bf2 a5 18. g4 Rfc8 19. Kh1 Qb7 20. Bh4 Rc5 21. Nd4 Rac8 22.
Rad1 Nc6 23. Nb3 Na7 24. Nxc5 Rxc5 25. Rc1 Rxc1 26. Rxc1 Nc6 27. Bf6 Qa6 28.
Bxg7 Kxg7 29. d4 a4 30. f5 1-0

[Event "La Pobla de Lillet op"]
[Site "La Pobla de Lillet ESP"]
[Date "2011.08.03"]
[Round "2.6"]
[White "Riera Sola, L.."]
[Black "Oms Pallisse, J.."]
[Result "0-1"]
[WhiteElo "2003"]
[BlackElo "2489"]
[PlyCount "62"]
[EventDate "2011.08.02"]
[EventType "swiss"]
[EventRounds "9"]
[EventCountry "ESP"]
[SourceTitle "Ajedrez en Madrid"]
[Source "lmi"]
[SourceDate "2020.06.24"]
[SourceVersion "1"]
[SourceVersionDate "2020.06.25"]
[SourceQuality "1"]

1. e4 c5 2. Nc3 g6 3. g3 Bg7 4. Bg2 Nc6 5. d3 d6 6. Be3 Rb8 7. Qd2 b5 8. a3 Nf6
9. Bh6 Bxh6 10. Qxh6 Nd4 11. Qd2 e5 12. Nge2 O-O 13. O-O a5 14. f4 b4 15. axb4
axb4 16. Nd1 Bg4 17. Nc1 Bxd1 18. Qxd1 Kg7 19. c3 Nc6 20. Nb3 c4 21. fxe5 dxe5
22. Nc5 bxc3 23. bxc3 Rb5 24. d4 exd4 25. e5 Nxe5 26. cxd4 Neg4 27. Ra7 Kg8 28.
Ra8 Qd6 29. Rxf8+ Kxf8 30. Re1 Rxc5 31. dxc5 Qxc5+ 0-1

[Event "La Pobla de Lillet op"]
[Site "La Pobla de Lillet ESP"]
[Date "2011.08.03"]
[Round "2.7"]
[White "Velicka, P.."]
[Black "Muñoz Suarez, LA.."]
[Result "1-0"]
[WhiteElo "2461"]
[BlackElo "1996"]
[PlyCount "73"]
[EventDate "2011.08.02"]
[EventType "swiss"]
[EventRounds "9"]
[EventCountry "ESP"]
[SourceTitle "Ajedrez en Madrid"]
[Source "lmi"]
[SourceDate "2020.06.24"]
[SourceVersion "1"]
[SourceVersionDate "2020.06.25"]
[SourceQuality "1"]

1. e4 e6 2. d4 d5 3. Nd2 Nf6 4. e5 Nfd7 5. Bd3 b6 6. Nh3 c5 7. c3 Ba6 8. Bxa6
Nxa6 9. O-O Nc7 10. Qg4 f5 11. exf6 Nxf6 12. Qe2 Bd6 13. Nf3 O-O 14. Bf4 Bxf4
15. Nxf4 Ne4 16. Nd3 Qf6 17. Nfe5 Rad8 18. f3 Nd6 19. dxc5 Nf5 20. c6 Rfe8 21.
Nd7 Qh6 22. Rfe1 d4 23. cxd4 Nd5 24. Qf2 Rc8 25. Rac1 Rc7 26. b4 b5 27. Rc5
Rec8 28. Rxb5 Rxc6 29. Rc5 Nfe3 30. a3 Rxc5 31. dxc5 Rc7 32. N7e5 a5 33. b5 a4
34. b6 Rb7 35. Nb4 Qg5 36. Nxd5 Nxd5 37. c6 1-0

[Event "La Pobla de Lillet op"]
[Site "La Pobla de Lillet ESP"]
[Date "2011.08.03"]
[Round "2.8"]
[White "Diaz Lopez, P.."]
[Black "Panelo Muñoz, MA.."]
[Result "0-1"]
[WhiteElo "1985"]
[BlackElo "2413"]
[PlyCount "117"]
[EventDate "2011.08.02"]
[EventType "swiss"]
[EventRounds "9"]
[EventCountry "ESP"]
[SourceTitle "Ajedrez en Madrid"]
[Source "lmi"]
[SourceDate "2020.06.24"]
[SourceVersion "1"]
[SourceVersionDate "2020.06.25"]
[SourceQuality "1"]

1. d4 Nf6 2. c4 e6 3. Nc3 Bb4 4. Qc2 d5 5. e3 c5 6. Nf3 cxd4 7. exd4 Nc6 8. a3
Bxc3+ 9. Qxc3 Ne4 10. Qc2 O-O 11. b4 Qf6 12. Bd3 a5 13. b5 Nxd4 14. Nxd4 Qxd4
15. Bb2 Qc5 16. Bxe4 dxe4 17. Qxe4 e5 18. O-O f6 19. a4 Be6 20. Ba3 Qxc4 21.
Qxc4 Bxc4 22. Bxf8 Bxf1 23. Bxg7 Bxb5 24. Bxf6 Bc6 25. Bxe5 Kf7 26. Bc7 Rg8 27.
g3 Rg5 28. f4 Rd5 29. Ra2 Ke6 30. Kf2 Kf5 31. h3 h5 32. Ke3 Rc5 33. Bb6 Rc3+
34. Kd4 Rxg3 35. Bxa5 Rxh3 36. Bc7 Rh1 37. a5 Rd1+ 38. Ke3 Re1+ 39. Kf2 Re7 40.
Bd6 Rg7 41. Ke3 Rg3+ 42. Kd4 Rg6 43. Kc5 Be4 44. Rh2 Bf3 45. Rh4 Rg1 46. Be7
Ra1 47. Kb6 Rb1+ 48. Kc5 Be2 49. Bd8 Rc1+ 50. Kb4 Rc4+ 51. Kb3 Rc5 52. Bb6 Rd5
53. Kc3 Bg4 54. Kc4 Rd7 55. Rh2 Kxf4 56. Ba7 Rh7 57. Bb8+ Kf3 58. a6 bxa6 59.
Kb4 0-1

[Event "La Pobla de Lillet op"]
[Site "La Pobla de Lillet ESP"]
[Date "2011.08.03"]
[Round "2.9"]
[White "Gorbatov, A.."]
[Black "Capelles Prat, R.."]
[Result "1-0"]
[WhiteElo "2375"]
[BlackElo "1982"]
[PlyCount "57"]
[EventDate "2011.08.02"]
[EventType "swiss"]
[EventRounds "9"]
[EventCountry "ESP"]
[SourceTitle "Ajedrez en Madrid"]
[Source "lmi"]
[SourceDate "2020.06.24"]
[SourceVersion "1"]
[SourceVersionDate "2020.06.25"]
[SourceQuality "1"]

1. e4 e6 2. d4 d5 3. Nc3 Nf6 4. e5 Nfd7 5. f4 c5 6. Nf3 Nc6 7. Be3 cxd4 8. Nxd4
a6 9. Qd2 Nxd4 10. Bxd4 g6 11. O-O-O Bg7 12. Bd3 b5 13. Kb1 Bb7 14. g4 Qe7 15.
Rde1 O-O 16. h4 Nc5 17. f5 Nxd3 18. f6 Qb4 19. Qxd3 Bh8 20. h5 Qa5 21. Qe3 Qc7
22. Rh2 b4 23. Na4 Rac8 24. Reh1 a5 25. Nc5 Rfe8 26. hxg6 fxg6 27. Rxh7 Qxh7
28. Rxh7 Kxh7 29. Nxb7 1-0

[Event "La Pobla de Lillet op"]
[Site "La Pobla de Lillet ESP"]
[Date "2011.08.03"]
[Round "2.10"]
[White "Capellades Subirana, M.."]
[Black "Cerdans Costa, F.."]
[Result "1-0"]
[WhiteElo "2260"]
[BlackElo "1967"]
[PlyCount "55"]
[EventDate "2011.08.02"]
[EventType "swiss"]
[EventRounds "9"]
[EventCountry "ESP"]
[SourceTitle "Ajedrez en Madrid"]
[Source "lmi"]
[SourceDate "2020.06.24"]
[SourceVersion "1"]
[SourceVersionDate "2020.06.25"]
[SourceQuality "1"]

1. e4 e6 2. d4 d5 3. Nd2 dxe4 4. Nxe4 Nd7 5. Bd3 Ngf6 6. Ne2 Nxe4 7. Bxe4 Nf6
8. Bf3 c6 9. O-O Qc7 10. Bf4 Bd6 11. Qd2 Bd7 12. Bxd6 Qxd6 13. Qg5 Qe7 14. Qxg7
O-O-O 15. Qg5 Rdg8 16. Qc5 Qxc5 17. dxc5 Rg5 18. b4 e5 19. g3 Bf5 20. Rac1 Rd8
21. Rfd1 Rxd1+ 22. Rxd1 Bxc2 23. Rd6 Rg6 24. Nc3 e4 25. Be2 Nd5 26. Nxd5 Rxd6
27. Ne7+ Kd7 28. cxd6 1-0

[Event "La Pobla de Lillet op"]
[Site "La Pobla de Lillet ESP"]
[Date "2011.08.03"]
[Round "2.21"]
[White "Garcia Galeote, L.."]
[Black "Martinez Arranz, L.."]
[Result "1-0"]
[WhiteElo "2059"]
[BlackElo "1313"]
[PlyCount "67"]
[EventDate "2011.08.02"]
[EventType "swiss"]
[EventRounds "9"]
[EventCountry "ESP"]
[SourceTitle "Ajedrez en Madrid"]
[Source "lmi"]
[SourceDate "2020.06.24"]
[SourceVersion "1"]
[SourceVersionDate "2020.06.25"]
[SourceQuality "1"]

1. d4 d5 2. Nf3 Nc6 3. Bf4 Bf5 4. e3 a6 5. c4 Nf6 6. Nc3 e6 7. c5 b6 8. b4 Nxb4
9. Qa4+ Nc6 10. Qxc6+ Nd7 11. Ne5 bxc5 12. Nxd7 Qxd7 13. Qxa8+ Qd8 14. Qxd8+
Kxd8 15. Bxa6 cxd4 16. exd4 Bb4 17. Bd2 Ba3 18. O-O Bb2 19. Rab1 Bxb1 20. Rxb1
Bxc3 21. Rb8+ Kd7 22. Rxh8 Bxd2 23. Rxh7 Bh6 24. g4 f6 25. h4 Kc6 26. Bc8 e5
27. dxe5 d4 28. exf6 d3 29. Bf5 d2 30. Bc2 Kc5 31. f7 Kc4 32. f8=Q g6 33. Rxc7+
Kd4 34. Qc5# 1-0